000
00341nam a2200133Ia 4500
008
220216s9999 xx 000 0 und d
100
_a
Basnayake V S
245
0
_a
Safety tapping ladders and tapping knives
260
_b
Planters Bulletin
_c
1965
300
_a
165-167
650
_a
Tapping knives
650
_a
Tapping ladder
942
_c
JS
999
_c
68385
_d
68385